Quick Pick: US Federal Holidays Quiz Stats

 Plays Quiz Updated Feb 13, 2017

Challenge
Share
Tweet
Embed
Score 0/11 Timer 01:00
0 Plays Today
% Correct
Christmas
95.4%
Independence Day
95%
Memorial Day
92.4%
Labor Day
91.9%
Thanksgiving Day
91.8%
New Year's Day
90.9%
Birthday of Martin Luther King, Jr.
90.1%
Columbus Day
87.3%
Veterans Day
84.4%
Washington's Birthday
71.7%
Inauguration Day
26%

Today's Daily Dose

You're not logged in!

Compare scores with friends on all Sporcle quizzes.
Join for Free
OR
Log In

You Might Also Like...

Show Comments

Extras

Top Quizzes Today


Score Distribution

Your Account Isn't Verified!

In order to create a playlist on Sporcle, you need to verify the email address you used during registration. Go to your Sporcle Settings to finish the process.

Report this User

Report this user for behavior that violates our Community Guidelines.

Details: